| 000 | 01074nam a2200313 c 4500 | ||
|---|---|---|---|
| 003 | BLK | ||
| 005 | 20180420214934.0 | ||
| 008 | 180412b bul|||||r ||||||| ||bul|| | ||
| 010 | _aKNG00016001000 | ||
| 040 | _aBLK | ||
| 041 |
_aBUL _cBUL |
||
| 072 | 7 |
_2bullib _aЯ _xАвтографи |
|
| 080 |
_aБългарска литература _b821.163.2 _x-1 _z821.163.2-1 |
||
| 080 |
_aБългарска литература _b821.163.2 _x-193.2 _z821.163.2-193.2 |
||
| 100 | 1 |
_aМанев, Стефан _eпърви автор _9259151 |
|
| 139 |
_aМанев, Стефан _bМ 25 |
||
| 245 | 1 | 0 |
_aТова съм аз... _bСтихове и епиграми _cСтефан Манев. |
| 257 | _aBGR | ||
| 260 |
_аРусе _bИзд. авт. _c1996 |
||
| 300 |
_a288 с. _bс ил., факс. _c20 см |
||
| 380 | _aX | ||
| 500 | _a800 тир. | ||
| 659 | _aЯ | ||
| 852 | _aЦб 191296 | ||
| 856 | 4 |
_qpdf _u |
|
| 856 | 4 |
_qpdf _u |
|
| 942 |
_cKNG _n0 |
||
| 944 |
_aCR _c15.01.2003 _kРенета_Константинова |
||
| 944 |
_aED _c15.12.2014 _kРенета_Константинова |
||
| 999 |
_c14294 _d14294 |
||